01549nam a2200337 a 4500001001200000003000800012006001900020007001500039008004100054010001700095020003400112020002700146040002100173035002100194050002600215082001700241100002100258245014500279260004800424300002400472500002400496504005100520504005100571505023500622533015200857650001301009655002901022710001701051856012601068999001701194ebr10653567CaPaEBRm u cr cn|||||||||120921s2013 njua sb 001 0 eng d z 2012037688 z9781118430767 (paper/website) z9781118502730 (e-book) aCaPaEBRcCaPaEBR a(OCoLC)84286009014aHF5416.5b.J46 2013eb04a658.8/162231 aJensen, Marlene.10aSetting profitable pricesh[electronic resource] :ba step-by-step guide to pricing strategy--without hiring a consultant /cMarlene Jensen. aHoboken, N.J. :bJohn Wiley & Sons,cc2013. axxi, 186 p. :bill. a"+ Website"--Cover. aIncludes bibliographical references and index. aIncludes bibliographical references and index.0 apt. 1. How to set prices for maximum profits -- pt. 2. How the market will value your new product -- pt. 3. Your cost analysis -- pt. 4. Fine-tuning your price -- pt. 5. Testing your prices -- pt. 6. Pricing in special situations. aElectronic reproduction.bPalo Alto, Calif. :cebrary,d2013.nAvailable via World Wide Web.nAccess may be limited to ebrary affiliated libraries. 0aPricing. 7aElectronic books.2local2 aebrary, Inc.40uhttp://site.ebrary.com/lib/rucke/Doc?id=10653567zAn electronic book accessible through the World Wide Web; click to view c74875d74875